[Event "Mlada Boleslav Region-ch U20"]
[Site "Mlada Boleslav"]
[Date "2014.06.22"]
[Round "6"]
[White "Remes, Simon"]
[Black "Silhanek, Martin"]
[Result "1-0"]
[WhiteElo "1486"]
[BlackElo "1362"]
[PlyCount "53"]
[EventDate "2014.06.21"]
[EventType "swiss"]
[EventRounds "7"]
[EventCountry "CZE"]
[SourceTitle "EXT 2016"]
[Source "ChessBase"]
[SourceDate "2015.10.08"]
[SourceVersion "1"]
[SourceVersionDate "2015.10.08"]
[SourceQuality "1"]

1. e4 e5 2. Nf3 Nf6 3. Nc3 Nc6 4. Bc4 Nxe4 5. Nxe4 d5 6. Bd3 dxe4 7. Bxe4 Nd4 8. Nxd4 Qxd4 9. Qf3 c6 10. Bxc6+ Kd8 11. Bxb7 Bxb7 12. Qxb7 Rc8 13. c3 Qd7 14. Qxd7+ Kxd7 15. 0-0 f6 16. d3 Bc5 17. Be3 Bxe3 18. fxe3 Rb8 19. Rab1 Ke6 20. d4 exd4 21. exd4 Rb6 22. b3 Ra6 23. Rb2 Kd5 24. Rd1 Re8 25. c4+ Kd6 26. d5 Rb6 27. Kf2 1-0

[Event "Mlada Boleslav Region-ch U20"]
[Site "Mlada Boleslav"]
[Date "2014.06.21"]
[Round "1"]
[White "Horak, Martin"]
[Black "Remes, Simon"]
[Result "1-0"]
[WhiteElo "1881"]
[BlackElo "1486"]
[PlyCount "39"]
[EventDate "2014.06.21"]
[EventType "swiss"]
[EventRounds "7"]
[EventCountry "CZE"]
[SourceTitle "EXT 2016"]
[Source "ChessBase"]
[SourceDate "2015.10.08"]
[SourceVersion "1"]
[SourceVersionDate "2015.10.08"]
[SourceQuality "1"]

1. e4 c5 2. Nf3 Nc6 3. d4 cxd4 4. Nxd4 g6 5. Nc3 Bg7 6. Be3 Nf6 7. Bc4 0-0 8. Bb3 d6 9. f3 Bd7 10. Qd2 a6 11. h4 b5 12. h5 Nxh5 13. Nxc6 Bxc6 14. Bh6 Qc7 15. Rxh5 d5 16. Bxg7 Kxg7 17. Qh6+ Kf6 18. exd5 e6 19. Ne4+ Ke7 20. d6+ 1-0

[Event "Mlada Boleslav Region-ch U20"]
[Site "Mlada Boleslav"]
[Date "2014.06.21"]
[Round "2"]
[White "Remes, Simon"]
[Black "Dubnicka, Augustin J"]
[Result "1/2-1/2"]
[WhiteElo "1486"]
[BlackElo "1302"]
[PlyCount "59"]
[EventDate "2014.06.21"]
[EventType "swiss"]
[EventRounds "7"]
[EventCountry "CZE"]
[SourceTitle "EXT 2016"]
[Source "ChessBase"]
[SourceDate "2015.10.08"]
[SourceVersion "1"]
[SourceVersionDate "2015.10.08"]
[SourceQuality "1"]

1. e4 e5 2. Nf3 Nc6 3. Bc4 Bc5 4. 0-0 h6 5. c3 Nf6 6. d4 exd4 7. cxd4 Bb6 8. Nc3 0-0 9. Be3 Re8 10. Qd3 d6 11. h3 Ba5 12. Nd2 Bxc3 13. bxc3 Na5 14. Bb3 Nxb3 15. axb3 a6 16. d5 Qe7 17. f3 Nh7 18. Rfe1 Qe5 19. Qd4 Bd7 20. Qxe5 Rxe5 21. Nc4 Re7 22. Na5 b6 23. Nc4 Bb5 24. Nb2 Bd7 25. c4 a5 26. Nd3 Rae8 27. Kf2 Ra8 28. Kg1 Rae8 29. Kf2 Ra8 30. Kg1 1/2-1/2